000 00422nam a22001697a 4500
005 20160624141722.0
008 160624b xxu||||| |||| 00| 0 eng d
020 _a81-7273-234-2
041 _aeng
082 _b9847
100 _aChakravarthy, Jagadish
_92681
245 _aCyber Media Journalism Emarging Technologics
260 _bAuthors Press
300 _a260
650 _aMass Communication
_92660
942 _cBK
999 _c3863
_d3862